Electricidad y magnetismo /
Guardado en:
| Autor Principal: | |
|---|---|
| Formato: | Libro |
| Idioma: | Spanish English |
| Publicado: |
[Madrid] :
Aguilar,
1965.
|
| Series: | Fundamentos de física ;
2 |
| Etiquetas: |
Agregar Etiqueta
Sin Etiquetas, Sea el primero en etiquetar este registro!
|
| LEADER | 00630nam a2200181 a 4500 | ||
|---|---|---|---|
| 001 | MAT.inmabb002470 | ||
| 008 | 040914s1965####sp#a###f#b####001#0#spa#d | ||
| 005 | 20130405171103.0 | ||
| 245 | 1 | 0 | |a Electricidad y magnetismo / |c Francis W. Sears ; versión española de Albino Yusta Almarza. |
| 260 | |a [Madrid] : |b Aguilar, |c 1965. | ||
| 300 | |a xv, 440 p. : |b il. ; |c 21 cm. | ||
| 440 | 0 | |a Fundamentos de física ; |v 2 | |
| 500 | |a Traducción de: Electricity and magnetism. 5th ed. | ||
| 504 | |a Bibliografía: p. 421. | ||
| 100 | 1 | |a Sears, Francis Weston. | |
| 084 | |a 78-01 |2 msc2000 | ||
| 041 | 1 | |a spa |h eng | |
| 859 | |h 78 |i Se439e |p A-8132 |b BIB. MATEMATICA | ||
